The butterfly book ; a popular guide to a knowledge of the butterflies of North America /

Bibliographic Details
Main Author: Holland, W. J. (William Jacob), 1848-1932
Format: Book
Language:English
Published: New York : Doubleday & McClure co., 1898.
Subjects:

MARC

Tag First Indicator Second Indicator Subfields
LEADER 00000cam a2200000 4500
001 in00000667708
005 20151015083611.0
008 771107s1898 nyuaf 00010 eng
010 |a  98001977  
035 |a (OCoLC)03399824 
035 |9 ACY0666AM 
040 |a DLC  |c LLU  |d TXA  |d UtOrBLW 
049 |a TXAS  |c [136027] 
050 0 0 |a QL549  |b .H73 
090 |a QL549  |b .H73 1898 
092 |a 595.789  |b H737b 
100 1 |a Holland, W. J.  |q (William Jacob),  |d 1848-1932. 
245 1 4 |a The butterfly book ;  |b a popular guide to a knowledge of the butterflies of North America /  |c by W. J. Holland ... With 48 plates in color-photography, reproductions of butterflies in the author's collection and many text illustrations presenting most of the species found in the United States. 
264 1 |a New York :  |b Doubleday & McClure co.,  |c 1898. 
300 |a 3 pages ., v-xx, 382 pages :  |b illustrations, XLVIII color plate (including frontispiece) ;  |c 27 cm. 
336 |a text  |b txt  |2 rdacontent 
337 |a unmediated  |b n  |2 rdamedia 
338 |a volume  |b nc  |2 rdacarrier 
500 |a Each plate accompanied by a guard sheet with descriptive letterpress. 
650 0 |a Butterflies  |z North America. 
999 |a MARS 
999 f f |s bdfabb5f-ac2e-336e-8d8b-f38eb9c0f698  |i 7e08a44e-89fb-3435-ba6c-395815b53c63  |t 0 
952 f f |p noncirc  |a Texas A&M University  |b College Station  |c Cushing Memorial Library & Archives  |d Cushing: Rare Books (Does not check out)  |t 0  |e QL549 .H73 1898  |h Library of Congress classification  |i unmediated -- volume 
998 f f |a QL549 .H73 1898  |t 0  |l Cushing: Rare Books (Does not check out)